000 01850nam0a2200361 4500
001 RU\NLR\BIBL_A\022131193
005 20240228144106.0
010 _a978-5-292-04819-0
_bprint
010 _a978-5-292-04820-6
_bonline
_9100
021 _aRU
_bКН-П-23-077929
_9КН-П-23-7877
035 _a(NLR Aleph) 022131193
035 _a(RuMoRGB)012380668
090 _a12835703
_c12835703
100 _a20240208d2023 u y0rusy50 ca
101 0 _arus
102 _aRU
105 _aa j 000yy
181 0 _ai
_baxxe
182 0 _an
200 1 _aСоциальная психология организационной культуры
_eучебное пособие для студентов магистерских программ "Организационная психология" и "Ордерные технологии в психологии"
_fЛ. Н. Аксеновская
_gСаратовский национальный исследовательский государственный университет имени Н. Г. Чернышевского
203 _aТекст
_bвизуальный
_cнепосредственный
210 _aСаратов
_cИзд-во Саратовского университета
_d2023
215 _a106, [1] с.
_cил., табл.
_d21
320 _aБиблиогр.: с. 97-105
606 1 _aОрганизационная культура
_jУчебные издания для высших учебных заведений
_92136661
_3RU\NLR\AUTH\661288321
686 1 _aС550.37я73
686 1 _aС581я73
686 1 _aУ010.661я73
700 1 _aАксеновская
_bЛ. Н.
_f1960-
_gЛюдмила Николаевна
942 _cBOOK
980 _aNB